Reinforced Concrete : (Record no. 11410)
[ view plain ]
| 000 -LEADER | |
|---|---|
| fixed length control field | 02137cac a22003371u 4500 |
| 008 - FIXED-LENGTH DATA ELEMENTS--GENERAL INFORMATION | |
| fixed length control field | 090423t xxu||||| |||| 00| 0 eng d |
| 010 ## - LIBRARY OF CONGRESS CONTROL NUMBER | |
| LC control number | 2005297860 |
| 020 ## - INTERNATIONAL STANDARD BOOK NUMBER | |
| International Standard Book Number | 0132074745 |
| 020 ## - INTERNATIONAL STANDARD BOOK NUMBER | |
| International Standard Book Number | 9780132074742 |
| 028 ## - PUBLISHER NUMBER | |
| Source | www.loc.gov. |
| 035 ## - SYSTEM CONTROL NUMBER | |
| System control number | (OCoLC)ocm57374488 |
| 082 ## - DEWEY DECIMAL CLASSIFICATION NUMBER | |
| Classification number | 624.18 |
| Item number | WIG |
| 100 ## - MAIN ENTRY--PERSONAL NAME | |
| Personal name | Wight, James K. |
| 9 (RLIN) | 4163 |
| 245 10 - TITLE STATEMENT | |
| Title | Reinforced Concrete : |
| Remainder of title | Mechanics and Design / |
| Statement of responsibility, etc | James K. Wight & James G. MacGregor |
| 250 ## - EDITION STATEMENT | |
| Edition statement | 5th ed. |
| Remainder of edition statement | Pearson International Edition |
| 260 ## - PUBLICATION, DISTRIBUTION, ETC. (IMPRINT) | |
| Place of publication, distribution, etc | Upper Saddle River, N.J. : |
| Name of publisher, distributor, etc | Prentice Hall, |
| Date of publication, distribution, etc | 2009 |
| 300 ## - PHYSICAL DESCRIPTION | |
| Extent | 1128 p. : |
| Other physical details | ill. ; |
| Dimensions | 26 cm. |
| 504 ## - BIBLIOGRAPHY, ETC. NOTE | |
| Bibliography, etc | Includes bibliographical references and index. |
| 650 #0 - SUBJECT ADDED ENTRY--TOPICAL TERM | |
| Topical term or geographic name as entry element | Reinforced concrete construction. |
| 9 (RLIN) | 4164 |
| 650 #0 - SUBJECT ADDED ENTRY--TOPICAL TERM | |
| Topical term or geographic name as entry element | Reinforced concrete. |
| 9 (RLIN) | 4165 |
| 700 ## - ADDED ENTRY--PERSONAL NAME | |
| Personal name | MacGregor, James G. |
| 9 (RLIN) | 9297 |
| 942 ## - ADDED ENTRY ELEMENTS (KOHA) | |
| Item type | Book - Borrowing |
| Call number prefix | 624.18WIG |
| Source of classification or shelving scheme | Dewey Decimal Classification |
| Withdrawn status | Item status | Source of classification or shelving scheme | Damaged status | Not for loan | Vendor | Home library | Current library | Shelving location | Date acquired | Source of acquisition | Cost, normal purchase price | Serial Enumeration / chronology | Total Checkouts | Total Renewals | Full call number | Barcode | Date last seen | Date last borrowed | Koha item type |
|---|---|---|---|---|---|---|---|---|---|---|---|---|---|---|---|---|---|---|---|
| Dewey Decimal Classification | Alahram | Central Library | Central Library | First floor | 23/04/2009 | 225.00 | 371 | 2 | 3 | 624.18 WIG | 000015994 | 15/07/2025 | 16/02/2010 | Book - Borrowing | |||||
| Dewey Decimal Classification | Baccah | Central Library | Central Library | First floor | 11/11/2009 | 624.18 WIG | 000018795 | 15/07/2025 | NB - Book (Non borrowing) | ||||||||||
| Dewey Decimal Classification | Baccah | Central Library | Central Library | First floor | 11/11/2009 | 2 | 4 | 624.18 WIG | 000018790 | 15/07/2025 | 28/02/2011 | Book - Borrowing | |||||||
| Dewey Decimal Classification | Baccah | Central Library | Central Library | First floor | 01/03/2010 | 1 | 1 | 624.18 WIG | 000019854 | 15/07/2025 | 13/04/2010 | Book - Borrowing | |||||||
| Dewey Decimal Classification | Baccah | Central Library | Central Library | First floor | 01/03/2010 | 1 | 1 | 624.18 WIG | 000019853 | 15/07/2025 | 19/09/2010 | Book - Borrowing | |||||||
| Dewey Decimal Classification | Baccah | Central Library | Central Library | First floor | 27/10/2010 | 3 | 16 | 624.18 WIG | 000021823 | 15/07/2025 | 19/02/2015 | Book - Borrowing | |||||||
| Dewey Decimal Classification | Baccah | Central Library | Central Library | First floor | 27/10/2010 | 624.18 WIG | 000021795 | 15/07/2025 | Book - Borrowing | ||||||||||
| Dewey Decimal Classification | Baccah | Central Library | Central Library | First floor | 27/10/2010 | 624.18 WIG | 000021796 | 15/07/2025 | Book - Borrowing |